00650nam a2200193Ia 4500008004100000020001800041082001800059100002000077245003700097250000700134260004600141300002900187500001900216600002700235650002400262942000700286952014600293999001700439240925s9999 xx 000 0 und d a9780199064380 a954.91053 LOD aNot - Available 0aPakistan Beyond the Crisis State aNA aKarachi:bOxford University Pressc,2011. axxiv, 852p.b0fOriginal aIncludes Index aEngineering Technology aHistory & geography cBK 001040708ETaUITUbUITUd2017-03-27eRoyal Book Companyg695.00l1o954.91053 LODpQ11200r2026-01-09 11:15:09s2026-01-05w2024-09-25yBK c13699d13699